[Event "Let's Play Chess!"]
[Site "http://www.queenalice.com/game.php?id=807206"]
[Date "2010.7.23"]
[Round "-"]
[White "beckhamf2000"]
[Black "SerialChess"]
[Result "0-1"]
[WhiteElo "2091"]
[BlackElo "1959"]

1. e4 c5 2. Nf3 Nc6 3. d4 cxd4 4. Nxd4 Nf6 5. Nc3 e6 6. Ndb5 Bb4 7. a3 Bxc3+ 8.
Nxc3 d5 9. exd5 exd5 10. Bd3 O-O 11. O-O d4 12. Ne2 Re8 13. Bg5 Qd6 14. Re1 h6
15. Bh4 Bg4 16. f3 Bh5 17. g4 Bg6 18. Bxg6 fxg6 19. Qd3 Re3 20. Qxg6 Ne7 21. Bg3
Qb6 0-1

[Event "Let's Play Chess!"]
[Site "http://www.queenalice.com/game.php?id=807207"]
[Date "2010.7.23"]
[Round "-"]
[White "SerialChess"]
[Black "beckhamf2000"]
[Result "1-0"]
[WhiteElo "1840"]
[BlackElo "2158"]

1. c4 Nf6 2. Nf3 e6 3. a3 d5 4. d4 Bd6 5. c5 Be7 6. e3 b6 7. b4 O-O 8. Nc3 Ba6
9. Bxa6 Nxa6 10. Qe2 Nb8 11. Ne5 Nbd7 12. Nc6 Ne4 13. Nxd8 1-0

[Event "Let's Play Chess!"]
[Site "http://www.queenalice.com/game.php?id=807209"]
[Date "2010.7.23"]
[Round "-"]
[White "beckhamf2000"]
[Black "SerialChess"]
[Result "0-1"]
[WhiteElo "2089"]
[BlackElo "2116"]

1. e4 e5 2. Nf3 Nc6 3. Bb5 a6 4. Ba4 Nf6 5. O-O d6 6. d3 Be7 7. Re1 Bg4 8. c3 b5
9. Bc2 O-O 10. d4 exd4 11. cxd4 Nb4 12. Nc3 Nxc2 13. Qxc2 Bxf3 14. gxf3 Qd7 15.
Bg5 Nh5 16. Bxe7 Qxe7 17. e5 Qg5+ 18. Kh1 Qh4 19. Re4 Qh3 20. Qe2 f5 21. Re3 Nf4
22. Qf1 Qh6 23. Rae1 dxe5 24. dxe5 Rae8 25. Rd1 Re6 26. Rd7 Rg6 27. Ne2 Nh3 0-1

[Event "Challenge"]
[Site "http://www.queenalice.com/game.php?id=819379"]
[Date "2010.8.17"]
[Round "-"]
[White "SerialChess"]
[Black "Marquinhos"]
[Result "0-1"]
[WhiteElo "1996"]
[BlackElo "2435"]

1. Nf3 Nf6 2. c4 g6 3. Nc3 Bg7 4. Qa4 O-O 5. d4 d6 6. b4 e5 7. Bg5 h6 8. Bxf6
Bxf6 9. dxe5 dxe5 10. Rd1 Qe8 11. Qxe8 Rxe8 12. Nd5 Bd8 13. g3 c6 14. Nc3 Be7
15. c5 a5 16. a3 axb4 17. axb4 b6 0-1

[Event "Challenge"]
[Site "http://www.queenalice.com/game.php?id=819381"]
[Date "2010.8.17"]
[Round "-"]
[White "Marquinhos"]
[Black "SerialChess"]
[Result "1-0"]
[WhiteElo "2434"]
[BlackElo "2066"]

1. d4 c5 2. d5 e5 3. e4 Nf6 4. Nc3 Qa5 5. Bd2 d6 6. Bd3 Be7 7. a3 O-O 8. b4 Qc7
9. Nb5 Qd7 10. bxc5 dxc5 11. c4 a6 12. Nc3 Nc6 13. Nge2 Qd6 14. Qb1 Nd4 15. f4
1-0

[Event "AUTO-MASTER-1193"]
[Site "http://www.queenalice.com/game.php?id=819590"]
[Date "2010.8.17"]
[Round "1"]
[White "ozzyvegeta"]
[Black "SerialChess"]
[Result "0-1"]
[WhiteElo "2087"]
[BlackElo "2153"]

1. e4 c5 2. Nf3 d6 3. d4 Nf6 4. Nc3 cxd4 5. Nxd4 Nc6 6. Bg5 Qb6 7. Nxc6 bxc6 8.
Bxf6 exf6 9. Qd3 Be7 10. Be2 Be6 11. O-O O-O 12. Kh1 Rad8 13. f4 Qxb2 14. Rab1
Qa3 15. f5 Bd7 16. Rb3 Qc5 17. Rfb1 d5 18. exd5 cxd5 19. Nxd5 Bc6 20. Nxe7+ Qxe7
21. Qc4 Rc8 22. Qg4 Be4 23. c4 Bxb1 24. Rxb1 Qa3 25. h4 Qxa2 26. Rb7 Rfe8 27.
Bf3 Rxc4 28. Qh5 Qa1+ 29. Kh2 Qe5+ 30. Kh3 Rc7 31. Bd5 Rxb7 32. Bxb7 g6 0-1

[Event "AUTO-MASTER-1193"]
[Site "http://www.queenalice.com/game.php?id=819591"]
[Date "2010.8.17"]
[Round "1"]
[White "SerialChess"]
[Black "ozzyvegeta"]
[Result "1-0"]
[WhiteElo "2169"]
[BlackElo "2059"]

1. Nf3 d5 2. c4 e6 3. cxd5 exd5 4. Ne5 Bd6 5. d4 Nf6 6. Bf4 O-O 7. Nc3 c6 8. h4
Bf5 9. e3 Na6 10. Bxa6 bxa6 11. Nxc6 Qc7 12. Bxd6 Qxd6 13. Ne5 Rab8 14. g4 Be4
15. f3 Rxb2 16. fxe4 Qb4 17. Qc1 Nxe4 18. Nd3 Re2+ 19. Kxe2 Nxc3+ 20. Kf3 Qa5
21. Qd2 f5 22. Rhc1 fxg4+ 23. Kxg4 h5+ 24. Kh3 Rf3+ 25. Kg2 Rg3+ 26. Kf1 Rf3+
27. Ke1 Qc7 28. Rxc3 Qg3+ 29. Kd1 Rf1+ 30. Ne1 Rf2 31. Rc8+ Kf7 32. Qc3 Qg4+ 33.
Kc1 Rf1 34. Kb2 Qe2+ 35. Ka3 Rf2 36. Rc7+ Kf8 37. Qc5+ Kg8 38. Qxd5+ Kh7 39.
Qe4+ Kg8 40. Nd3 1-0

[Event "AUTO-MASTER-1193"]
[Site "http://www.queenalice.com/game.php?id=819606"]
[Date "2010.8.17"]
[Round "1"]
[White "carlosfed"]
[Black "SerialChess"]
[Result "1-0"]
[WhiteElo "1898"]
[BlackElo "1996"]

1. e4 c5 2. c4 e6 3. Nf3 Nc6 4. a3 Be7 5. Nc3 d6 6. d3 Nf6 7. h3 Bd7 8. Be2 O-O
9. Bd2 a6 10. Na4 Nd4 11. Nxd4 cxd4 12. Qb3 b5 13. g4 bxa4 14. Qc2 e5 15. g5 Ne8
16. h4 f5 17. O-O-O f4 18. f3 Rb8 19. Rdg1 Nc7 20. Bf1 d5 21. cxd5 Nxd5 22. Kd1
Ne3+ 23. Bxe3 dxe3 24. Ke2 Rc8 25. Qb1 Be6 26. Bh3 Bxh3 27. Rxh3 Qa5 28. Rd1 Rb8
29. Rh2 1-0

[Event "AUTO-MASTER-1193"]
[Site "http://www.queenalice.com/game.php?id=819607"]
[Date "2010.8.17"]
[Round "1"]
[White "SerialChess"]
[Black "carlosfed"]
[Result "0-1"]
[WhiteElo "2042"]
[BlackElo "1875"]

1. Nf3 g6 2. d4 d5 3. c4 e6 4. Nc3 Nf6 5. Bg5 Bg7 6. cxd5 exd5 7. Qb3 Be6 8.
Qxb7 Nbd7 9. Nb5 O-O 10. Qxc7 Qe7 11. Nd6 h6 12. Bf4 Ne8 13. Qc6 Kh7 14. Qxa8
Nxd6 15. Qxa7 Nb5 16. Qa4 Nd6 17. Bxd6 Qxd6 18. e3 Nb6 19. Qd1 Nc4 20. Bxc4 dxc4
21. O-O Bd5 22. Nd2 Qf6 23. e4 Bb7 24. e5 Qc6 25. Qf3 Qd7 0-1

[Event "AUTO-MASTER-1193"]
[Site "http://www.queenalice.com/game.php?id=819618"]
[Date "2010.8.17"]
[Round "1"]
[White "SerialChess"]
[Black "JAA"]
[Result "1-0"]
[WhiteElo "1947"]
[BlackElo "2003"]

1. Nf3 d5 2. c4 Nf6 3. cxd5 Nxd5 4. e4 Nb4 5. d4 Bg4 6. Be2 e6 7. Nc3 N8c6 8. a3
Na6 9. Bb5 Qe7 10. Qe2 O-O-O 11. Bxc6 Bxf3 12. gxf3 Nb8 13. Ba4 Rxd4 14. Be3 Rd8
15. Rd1 Nd7 16. Bxa7 Qg5 17. Bxd7+ Rxd7 18. Rxd7 Kxd7 19. Qd3+ Kc8 20. Ke2 Bd6
21. Be3 Qg2 22. Rc1 Bxh2 23. Nb5 Rd8 24. Qc3 Rd7 25. Qa5 Kd8 26. Qa8+ Ke7 27.
Qxb7 f5 28. Nxc7 1-0

[Event "AUTO-MASTER-1193"]
[Site "http://www.queenalice.com/game.php?id=819619"]
[Date "2010.8.17"]
[Round "1"]
[White "JAA"]
[Black "SerialChess"]
[Result "0-1"]
[WhiteElo "2003"]
[BlackElo "2166"]

1. e4 e5 2. Nf3 Nf6 3. Nxe5 d6 4. Nc4 Nxe4 5. d3 Nf6 6. Bg5 Be7 7. Nc3 O-O 8.
Qf3 Nc6 9. Ne2 d5 10. Ne3 d4 11. Nf5 Ne5 12. Qg3 Bb4+ 13. Kd1 Re8 14. Nfxd4 h6
15. Bxh6 Neg4 16. Be3 c5 17. Nb3 Nxe3+ 18. fxe3 Ne4 19. Qf4 g5 0-1

[Event "AUTO-OPEN-2101"]
[Site "http://www.queenalice.com/game.php?id=832350"]
[Date "2010.9.13"]
[Round "1"]
[White "robinud"]
[Black "SerialChess"]
[Result "1-0"]
[WhiteElo "1836"]
[BlackElo "2101"]

1. e4 c5 2. Nf3 e6 3. Bc4 Nc6 4. a3 a6 5. c3 d5 6. exd5 exd5 7. Ba2 Bg4 8. h3
Bxf3 9. Qxf3 Nf6 10. O-O Be7 11. c4 1-0

[Event "AUTO-OPEN-2101"]
[Site "http://www.queenalice.com/game.php?id=832374"]
[Date "2010.9.13"]
[Round "1"]
[White "maubert"]
[Black "SerialChess"]
[Result "1-0"]
[WhiteElo "1762"]
[BlackElo "1996"]

1. d4 Nf6 2. c4 g6 3. Nc3 Bg7 4. e4 d6 5. f3 O-O 6. Bg5 h6 7. Be3 Nbd7 8. Bd3 e5
9. d5 g5 10. Nge2 Nc5 11. Bc2 Nh5 12. Qd2 1-0

[Event "AUTO-OPEN-2101"]
[Site "http://www.queenalice.com/game.php?id=832375"]
[Date "2010.9.13"]
[Round "1"]
[White "SerialChess"]
[Black "maubert"]
[Result "0-1"]
[WhiteElo "1996"]
[BlackElo "1635"]

1. e4 e5 2. Nf3 Nc6 3. Bb5 a6 4. Bxc6 dxc6 5. d4 exd4 6. Nxd4 c5 7. Ne2 Qxd1+ 8.
Kxd1 Bd7 9. Bd2 O-O-O 10. c3 f5 11. e5 Bc6 12. f3 Re8 0-1

[Event "AUTO-OPEN-2101"]
[Site "http://www.queenalice.com/game.php?id=832388"]
[Date "2010.9.13"]
[Round "1"]
[White "carito30236"]
[Black "SerialChess"]
[Result "1-0"]
[WhiteElo "1660"]
[BlackElo "1976"]

1. d4 Nf6 2. h3 c5 3. d5 e5 4. Bg5 d6 5. Nc3 Be7 6. e4 Qa5 7. a4 a6 8. Ne2 Nxe4
9. Bxe7 Kxe7 10. f3 Nxc3 11. Nxc3 Bf5 12. Bd3 Bxd3 13. Qxd3 Nd7 14. g4 h6 15.
O-O-O Nb6 16. b3 Rac8 17. f4 1-0

[Event "AUTO-OPEN-2101"]
[Site "http://www.queenalice.com/game.php?id=832389"]
[Date "2010.9.13"]
[Round "1"]
[White "SerialChess"]
[Black "carito30236"]
[Result "0-1"]
[WhiteElo "2065"]
[BlackElo "1630"]

1. d4 d5 2. Nf3 a6 3. e3 Nf6 4. c4 Bg4 5. Nc3 e6 6. h3 Bxf3 7. Qxf3 Bb4 8. Be2
Ne4 9. O-O h5 10. Nxe4 dxe4 11. Qxe4 c6 12. a3 Be7 13. b4 Nd7 14. Bb2 Nf6 15.
Qh4 Nd5 0-1